LEADER 05271nam 2200733Ia 450 001 9910789724803321 005 20200520144314.0 010 $a1-283-28397-2 010 $a9786613283979 010 $a1-84951-459-3 035 $a(CKB)2670000000121252 035 $a(EBL)948562 035 $a(OCoLC)797917798 035 $a(SSID)ssj0000647716 035 $a(PQKBManifestationID)11370994 035 $a(PQKBTitleCode)TC0000647716 035 $a(PQKBWorkID)10593626 035 $a(PQKB)10242816 035 $a(WaSeSS)Ind00024821 035 $a(Au-PeEL)EBL948562 035 $a(CaPaEBR)ebr10504772 035 $a(CaONFJC)MIL328397 035 $a(MiAaPQ)EBC948562 035 $a(PPN)228030625 035 $a(EXLCZ)992670000000121252 100 $a20111104d2011 uy 0 101 0 $aeng 135 $aur|n|---||||| 181 $ctxt 182 $cc 183 $acr 200 10$aSpring Roo 1.1 cookbook$b[electronic resource] $eover 60 recipes to help you speed up the development of your Java web applications using the Spring Roo development tool /$fAshish Sarin 210 $aBirmingham, U.K. $cPackt Pub.$d2011 215 $a1 online resource (1098 p.) 225 1 $aCommunity experience distilled 300 $aIncludes index. 300 $a"Quick answers to common problems". 311 $a1-84951-458-5 320 $aIncludes index. 327 $aTable of Contents; Spring Roo 1.1 Cookbook; Spring Roo 1.1 Cookbook; Credits; About the Author; About the Reviewers; www.PacktPub.com; Support files, eBooks, discount offers and more; Why Subscribe?; Free Access for Packt account holders; Preface; What this book covers; What you need for this book; Who this book is for; Conventions; Reader feedback; Customer support; Downloading the example code; Errata; Piracy; Questions; 1. Getting Started with Spring Roo; Introduction; Setting up Roo; Getting ready; How to do it...; How it works...; There's more...; Using Spring Roo with Eclipse/STS 327 $aSee alsoGetting help and hints from Roo; Getting ready; How to do it...; How it works...; There's more...; Passing arguments to Roo commands; Log file for executed Roo commands; See also; Creating a Roo project; Getting ready; How to do it...; How it works...; There's more...; See also; Importing a Roo project into Eclipse or IntelliJ IDEA IDE; Getting ready; How to do it...; How it works...; There's more...; See also; Configuring logging; Getting ready; How to do it...; How it works...; There's more...; See also; Viewing properties defined in a properties file; Getting ready; How to do it... 327 $aHow it works...See also; Managing properties defined in a properties file; Getting ready; How to do it...; How it works...; There's more...; See also; Creating a Java class; Getting ready; How to do it...; How it works...; There's more...; Moving existing Spring projects to use Spring Roo; @RooToString-customizing the name of the toString method; @RooToString-excluding properties from the toString method; See also; Adding attributes to a Java class; Getting ready; How to do it...; How it works...; There's more...; @RooJavaBean-controlling the generation of getter and setter methods; See also 327 $aCreating a Java interfaceGetting ready; How to do it...; How it works...; There's more...; See also; Referring to a type from the Roo shell; Getting ready; How to do it...; How it works...; There's more...; See also; Creating application artifacts from Roo script; Getting ready; How to do it...; How it works...; There's more...; See also; 2. Persisting Objects Using JPA; Introduction; Setting up a JPA provider for your project; Getting ready; How to do it...; How it works...; There's more...; JNDI-bound data source; See also; Viewing database configuration properties; Getting ready 327 $aHow to do it...How it works...; There's more...; See also; Managing database configuration properties; Getting ready; How to do it...; How it works...; There's more...; See also; Creating persistent entities; Getting ready; How to do it...; How it works...; There's more...; Adding table column information in persistent entity fields; The class argument in roo commands; See also; Adding JSR 303 constraints to persistent fields; Getting ready; How to do it...; How it works...; There's more...; See also; Controlling auto-generated methods of persistent entities; Getting ready; How to do it... 327 $aHow it works... 330 $aOver 60 recipes to help you speed up the development of your Java web applications using the Spring Roo development tool 606 $aAspect-oriented programming$vHandbooks, manuals, etc 606 $aJava (Computer program language) 606 $aApplication software$xDevelopment 606 $aWeb site development$vSoftware 615 0$aAspect-oriented programming 615 0$aJava (Computer program language) 615 0$aApplication software$xDevelopment. 615 0$aWeb site development 676 $a005.13 676 $a006.76 700 $aSarin$b Ashish$01577479 801 0$bMiAaPQ 801 1$bMiAaPQ 801 2$bMiAaPQ 906 $aBOOK 912 $a9910789724803321 996 $aSpring Roo 1.1 cookbook$93856095 997 $aUNINA